|
|
|
|
| LEADER |
00000naa0a2200000 4500 |
| 001 |
642781 |
| 005 |
20250604141934.0 |
| 035 |
|
|
|a (RuTPU)RU\TPU\network\7741
|
| 035 |
|
|
|a RU\TPU\network\2088
|
| 090 |
|
|
|a 642781
|
| 100 |
|
|
|a 20150716d2012 k y0rusy50 ca
|
| 101 |
0 |
|
|a rus
|
| 102 |
|
|
|a RU
|
| 135 |
|
|
|a drcn ---uucaa
|
| 181 |
|
0 |
|a i
|
| 182 |
|
0 |
|a b
|
| 200 |
1 |
|
|a Всережимное моделирование дистанционной защиты в реальном времени
|f Ю. С. Боровиков, А. О. Сулайманов, И. С. Гордиенко
|
| 203 |
|
|
|a Текст
|c электронный
|
| 300 |
|
|
|a Заглавие с экрана
|
| 320 |
|
|
|a [Библиогр.: с. 105 (8 назв.)]
|
| 461 |
|
|
|t Энергетика глазами молодежи
|o материалы докладов 3 Международной научно-технической конференции, Екатеринбург, 22-26 октября 2012 г.
|d 2012
|
| 463 |
|
|
|t Т. 1
|v [С. 100-105]
|d 2012
|
| 610 |
1 |
|
|a электронный ресурс
|
| 610 |
1 |
|
|a труды учёных ТПУ
|
| 610 |
1 |
|
|a дистанционная защита
|
| 610 |
1 |
|
|a моделирование
|
| 700 |
|
1 |
|a Боровиков
|b Ю. С.
|c специалист в области электроэнергетики
|c проректор-директор Энергетического института Томского политехнического университета, кандидат технических наук
|f 1978-
|g Юрий Сергеевич
|3 (RuTPU)RU\TPU\pers\27067
|
| 701 |
|
1 |
|a Сулайманов
|b А. О.
|c специалист в области электроэнергетики
|c доцент Томского политехнического университета, кандидат технических наук
|f 1967-
|g Алмаз Омурзакович
|3 (RuTPU)RU\TPU\pers\25326
|9 11308
|
| 701 |
|
1 |
|a Гордиенко
|b И. С.
|c специалист в области электроэнергетики
|c ассистент Томского политехнического университета
|f 1987-
|g Иван Сергеевич
|3 (RuTPU)RU\TPU\pers\29875
|
| 712 |
0 |
2 |
|a Национальный исследовательский Томский политехнический университет (ТПУ)
|b Энергетический институт (ЭНИН)
|3 (RuTPU)RU\TPU\col\16913
|
| 801 |
|
2 |
|a RU
|b 63413507
|c 20150716
|g RCR
|
| 850 |
|
|
|a 63413507
|
| 856 |
4 |
|
|u http://aes-upi.ru/media/cms_page_media/23/conf2012.pdf#page=832
|
| 942 |
|
|
|c CF
|